000 00536nam a2200181Ia 4500
008 100917s9999 xx 000 0 und d
082 _b40777
100 _aगवाणकर वि. स.
245 _aकोकीळेचा भाऊ
260 _bजगताप प्रकाशन
_c1968
300 _a42
365 _b0.75
520 _aबालविभाग
630 _aकोकीळेचा भाऊ
650 _aबालविभाग
730 _aकोकीळेचा भाऊ
942 _cBOOK
999 _c646171
_d646168